000 00835nam a2200253 i 4500
003 DO-SdBNP
005 20250221131732.0
007 ta
008 250221t2020 dr a 001 0aspa d
020 _z9788670232326
040 _aDO-SdBNP
_bspa
_cBNPHU
_erda
082 _axxxx
_bR259
_222
100 1 _aJames Rawlings, Norberto,
_d1945-
_97206
_eautor
_4aut.
245 1 0 _aPoesía completa /
_cNorberto James Rawlings ; edición Miguel D. Mena
264 _aSanto Domingo :
_bEdiciones Cielonaranja,
_c2020.
300 _a292 páginas
_bilustraciones
_c22 cm.
336 _atexto
_btxt
_2rdacontent
337 _asin mediación
_bn
_2rdamedia
338 _avolumen
_bnc
_2rdacarrier
500 _aIncluye datos biográficos del autor en la contracubierta.
590 _aInventariado, 2025/ YL
910 _aYLockward
942 _2ddc
_cLBS1
999 _c58179
_d58179